书目信息 |
| 题名: |
兴隆华侨旅游经济区志
|
|
| 作者: | 张进春 主编 ;海南省万宁市兴隆华侨旅游经济区志编纂委员会 编 | |
| 分册: | ||
| 出版信息: | 北京 方志出版社 2018.11 |
|
| 页数: | 230页 | |
| 开本: | 26cm | |
| 丛书名: | 中国名镇志丛书 | |
| 单 册: | ||
| 中图分类: | F592.766.4 | |
| 科图分类: | ||
| 主题词: | 旅游经济--lu^ you jing ji--经济开发区--概况--万宁 | |
| 电子资源: | ||
| ISBN: | 978-7-5144-3389-0 | |
| 000 | 01435nam 2200301 450 | |
| 001 | 202019135720 | |
| 005 | 20191007123108.0 | |
| 010 | @a978-7-5144-3389-0@dCNY131.00 | |
| 100 | @a20191004d2018 em y0chiy50 ea | |
| 101 | 0 | @achi |
| 102 | @aCN@b110000 | |
| 105 | @aabk z 000yy | |
| 106 | @ar | |
| 200 | 1 | @a兴隆华侨旅游经济区志@Axing long hua qiao lu^ you jing ji qu zhi@d= Local records of Xinglong overseas Chinese tourism economic zone@f海南省万宁市兴隆华侨旅游经济区志编纂委员会编@zeng |
| 210 | @a北京@c方志出版社@d2018.11 | |
| 215 | @a230页@c彩图, 地图@d26cm | |
| 225 | 2 | @a中国名镇志丛书@Azhong guo ming zhen zhi cong shu |
| 300 | @a中国名镇志文化工程 | |
| 314 | @a书内题: 张进春主编 | |
| 330 | @a《兴隆华侨旅游经济区志》全面、翔实地记录了兴隆的发展过程, 客观的记录了兴隆部门、单位、行业的工作状况及各项事业的发展成就。体例清晰, 指导思想正确, 语言通顺、流畅, 质量较好。即是为续修方志储备资料, 更是一个了解、研究兴隆的窗口。 | |
| 410 | 0 | @12001 @a中国名镇志丛书 |
| 510 | 1 | @aLocal records of Xinglong overseas Chinese tourism economic zone@zeng |
| 606 | 0 | @a旅游经济@Alu^ you jing ji@x经济开发区@x概况@y万宁 |
| 690 | @aF592.766.4@v5 | |
| 701 | 0 | @a张进春@Azhang jin chun@4主编 |
| 712 | 02 | @a海南省万宁市兴隆华侨旅游经济区志编纂委员会@Ahai nan sheng wan ning shi xing long hua qiao lu^ you jing ji qu zhi bian zuan wei yuan hui@4编 |
| 801 | 0 | @aCN@c20190905 |
| 905 | @a河南城建学院图书馆@dF592.766.4@eZ120 | |
| 兴隆华侨旅游经济区志= Local records of Xinglong overseas Chinese tourism economic zone/海南省万宁市兴隆华侨旅游经济区志编纂委员会编.-北京:方志出版社,2018.11 |
| 230页:彩图, 地图;26cm.-(中国名镇志丛书) |
| 中国名镇志文化工程 |
| ISBN 978-7-5144-3389-0:CNY131.00 |
| 《兴隆华侨旅游经济区志》全面、翔实地记录了兴隆的发展过程, 客观的记录了兴隆部门、单位、行业的工作状况及各项事业的发展成就。体例清晰, 指导思想正确, 语言通顺、流畅, 质量较好。即是为续修方志储备资料, 更是一个了解、研究兴隆的窗口。 |
| ● |
| 相关链接 |
|
|
|
正题名:兴隆华侨旅游经济区志
索取号:F592.766.4/Z120
 
预约/预借
| 序号 | 登录号 | 条形码 | 馆藏地/架位号 | 状态 | 备注 |
| 1 | 1444706 | 214447062 | 社科库409/409社科库 40排1列5层/ [索取号:F592.766.4/Z120] | 在馆 |